WNBA Top 25 All-Time: Three Pointers Made - Statistics

General Stats
  • This quiz has been taken 27 times
    15 since last reset
  • The average score is 7 of 25
Answer Stats
# Player Three Pointers % Correct
1 Diana Taurasi 1,447
86%
25 Breanna Stewart 438
71%
17 Maya Moore 530
71%
2 Sue Bird 1,001
71%
10 Tamika Catchings 606
57%
18 Arike Ogunbowale 525
43%
11 Jewell Loyd 595
43%
14 Kelsey Mitchell 576
43%
19 Kelsey Plum 523
43%
21 Leilani Mitchell 508
43%
20 Allie Quigley 510
29%
23 Cappie Pondexter 464
29%
9 DeWanna Bonner 632
29%
3 Katie Smith 906
29%
8 Kayla McBride 641
14%
4 Becky Hammon 829
0%
15 Ivory Latta 536
0%
12 Kara Lawson 584
0%
6 Katie Douglas 726
0%
7 Kristi Toliver 651
0%
13 Nicole Powell 580
0%
16 Renee Montgomery 532
0%
24 Sami Whitcomb 442
0%
22 Shekinna Stricklen 468
0%
5 Tina Thompson 748
0%
No matching quizzes found
Score Distribution
Percent of People with Each Score
Percentile by Number Answered
Your Score History
You have not taken this quiz since the last reset